| 000 | 00000cas 2200000za 4500 |
| 001 | 9.504348 |
| 003 | CaOODSP |
| 005 | 20260420112040 |
| 007 | cr ||||||||||| |
| 008 | 150406c19909999onc x m o||||f0 |0fre|d |
| 022 | |a2816-7163 |
| 040 | |aCaOODSP|bfre |
| 043 | |an-cn--- |
| 086 | 1 |aM183-2F-PDF |
| 130 | 0 |aOpen file (Commission géologique du Canada) |
| 245 | 10|aDossier public |h[ressource électronique]. |
| 260 | |a[Ottawa] : |bCommission géologique du Canada, |c[1900?]- |
| 310 | |aIrrégulier |
| 500 | |aLes publications de cette série ne sont pas révisées; elles sont publiées tells que soumises par l'auteur. |
| 515 | |aNumérotation partagée entre les publications imprimées, CD-ROMs, et cartes. |
| 692 | 07|2gccst|aGéologie |
| 710 | 2 |aCommission géologique du Canada. |
| 775 | 08|tOpen file |w(CaOODSP)9.500608 |
| 775 | 08|tOpen file |w(CaOODSP)9.506878 |
| 775 | 08|t[Dossier public] / |w(CaOODSP)9.925679 |